Central Library OPAC University of Rajshahi
Normal view MARC view

Entry Personal Name

Number of records used in: 2

001 - CONTROL NUMBER

  • control field: 15252

003 - CONTROL NUMBER IDENTIFIER

  • control field: BD-RjUL

005 - DATE AND TIME OF LATEST TRANSACTION

  • control field: 20250416120201.0

008 - FIXED-LENGTH DATA ELEMENTS

  • fixed length control field: 250416|| aca||aabn | a|a d

040 ## - CATALOGING SOURCE

  • Original cataloging agency: BD-RjUL
  • Transcribing agency: BD-RjUL

100 ## - HEADING--PERSONAL NAME

  • Personal name: Faiz̤, Mīr Shamsuddīn,
  • Dates associated with a name: 1780 or 1781-1866 or 1867

670 ## - SOURCE DATA FOUND

  • Source citation: Work cat.: (BD-RjUL)84817: Ṣalāḥ, Laʼīq.صلاح، لئيق. 15251, میر شمس الدّین فیض: حیآت اور ادبى کارنامے ;; Mir Shamsuddīn Faiz̤ :ḥayāt aur adabī kārnāme /, 1980.